00805nam a2200193Ia 4500008004100000020001500041041001200056082001600068100001900084245008900103250000800192260003300200300000800233650001600241942000700257999001500264952016100279952017100440221030s9999 xx 000 0 und d a8175441623 aEnglish a105.23bRaj aS. Rajasekaran 0aNumerical Methods In Science & Engineering - A Practical Approachcby S. Rajasekaran a2nd bWheeler PubaNew Delhic1999 a670 aBE Computer cBK c1360d1360 pBE 1629g265.00l0o105.23 Rajr2024-06-13 00:00:00w2022-10-30yBK003Print4071aMIETLIBbMIETLIBcBL-Second, FL-1, CUP-55, SH-3, R-3d2000-05-1510HBE pBE 1977g295.00l0o105.23 Rajr2024-06-13 00:00:00w2022-10-30yBK003Print4070aMIETLIBbMIETLIBcBL-Academic Block C, FL-2, CUP-38, SH-1, R-1d2000-09-2310HBE